| 000 | 01011nam a2200253 a 4500 | ||
|---|---|---|---|
| 001 | 52729 | ||
| 003 | BD-RjUL | ||
| 005 | 20211209075842.0 | ||
| 008 | 160926s1956 gw a b 000 0 ger | ||
| 035 | _a(BD-RjUL)52849 | ||
| 040 |
_aDLC _cMBNU _dOCoLC _dDLC _dBD-RjUL _beng |
||
| 041 | _aeng | ||
| 082 |
_223 _a516.35 _bCOA 1956 |
||
| 100 | 1 |
_aConforto, Fabio _9157694 |
|
| 245 | 1 | 0 |
_aAbelsche Funktionen und algebraische Geometrie / _cFabio Conforto ; Aus dem Nachlass bearb. und hrsg. von W. Gröbner, A. Andreotti und M. Rosati. |
| 260 |
_aBerlin : _bSpringer, _c1956 |
||
| 300 |
_axi, 276 p. : _bill. _c24 cm. |
||
| 490 | 1 |
_aDie Grundlehren der mathematischen Wissenschaften in Einzeldarstellungen, _vBd. 84 |
|
| 504 | _aIncludes Bibliography: | ||
| 650 | 0 |
_aFunctions, Abelian. _9157695 |
|
| 650 | 0 |
_aGeometry, Algebraic. _9157696 |
|
| 830 | 0 |
_aGrundlehren der mathematischen Wissenschaften in Einzeldarstellungen mit besonderer Berücksichtigung der Anwendungsgebiete ; _vBd. 84. _9151001 |
|
| 942 |
_2ddc _cBK |
||
| 999 |
_c52729 _d52729 |
||